LEADER 01132nam0 2200289 450 001 000026172 005 20090702100237.0 100 $a20090702d1984----km-y0itaa50------ba 101 0 $aita 102 $aIT 200 1 $aEpistemologie dell'invenzione$fdi R. J. Blackwell [et al.]$ga cura di Lorenzo Magnani 210 $aMilano$c<> Angeli$dc1984 215 $a161 p.$d22 cm 225 2 $aMateriali filosofici$istudi di analisi teorica e culturale$v10 410 0$12001$aMateriali filosofici$istudi di analisi teorica e culturale$v10 606 1 $aEpistemologia$xLinguaggio$xTeorie 676 $a121$v(21. ed.)$9Gnoseologia (Teoria della conoscenza) 700 1$aBlackwell,$bRichard J.$044937 702 1$aMagnani,$bLorenzo 801 0$aIT$bUniversità della Basilicata - B.I.A.$gRICA$2unimarc 912 $a000026172 996 $aEpistemologie dell'invenzione$989604 997 $aUNIBAS BAS $aLETTERE CAT $aEXT10$b01$c20090702$lBAS01$h1002 FMT Z30 -1$lBAS01$LBAS01$mBOOK$1BASA1$APolo Storico-Umanistico$2FMAS$BFondo Masini$3FMas/817/2921$6817/2921$5B817/2921$820090702$f04$FPrestabile Didattica